Quizzes
Events
Quiz Creation
Community
Videos
Private Events
Remove Ads
Sign In
Join for FREE
Feedback
Dark Mode
Quiz Categories
Sports
Geography
Music
Movies
Television
Just For Fun
Miscellaneous
History
Literature
Language
Science
Gaming
Entertainment
Religion
Holiday
For Kids
Quiz Lab
Recent
Popular Today
Quiz Kudos Today
Editor Picks
Curator Picks
Quizzes by...
Day
Popularity
Type
Ratings
Length
Year
Community
Subscriptions
Recent Discussions
Orange Saloon
Badges
Playlists
Quests
Create
Leaderboards
Showdown
Live 5
Trivia Bingo
Activity
Puzzle Library
Sporcle Events
Private Events
Virtual Trivia
Globe League
Become a Host
Pub Owners
SporcleCon
Opinionation
Our Games
Videos
Blog
Mobile Apps
Partnerships
Remove Ads and Go Orange
Feedback
Sports
Athletes
MLB
NBA
NHL
NFL
Soccer
Sports Teams
WWE
NCAA
Football
Premier League
Basketball
Baseball
Hockey
Golf
Tennis
Cricket
Rugby
Auto Racing
Olympics
World Cup
Sports
Athletes
MLB
NBA
NHL
NFL
Soccer
Sports Teams
WWE
NCAA
Football
Premier League
Basketball
Baseball
Hockey
Golf
Tennis
Cricket
Rugby
Auto Racing
Olympics
World Cup
Random Quiz
Search Sporcle
×
Quiz Lab
Quiz Lab
Sports
Finisher
Type in answers that appear in a list
Type in answers that appear in a list
Classic
Best Score? Go Orange.
F1 Top 3 Finishers 2001-2005 Stats
Can you name the F1 Top 3 Finishers 2001-2005?
By
shoeverine
5m
261 Questions
557 Plays
557 Plays
557 Plays
Comments
Comments
Give Quiz Kudos
Give Quiz Kudos
-
- Ratings
hide this ad
Replay
Link that replays current quiz
Next Quiz
Link to next quiz in quiz playlist
You Got
0%
They Got
Avg Score
95%
Avg Friend Score
Upgrade to see
Score Distribution
Jump to the score distribution portion of the page
Score
0/261
Timer
05:00
0
Plays Today
% Correct
Michael Schumacher
99.8%
Michael Schumacher
99.8%
Michael Schumacher
99.8%
Ralf Schumacher
99.8%
Michael Schumacher
99.8%
Michael Schumacher
99.8%
Michael Schumacher
99.8%
Ralf Schumacher
99.8%
Michael Schumacher
99.8%
Michael Schumacher
99.8%
Michael Schumacher
99.8%
Ralf Schumacher
99.8%
Michael Schumacher
99.8%
Ralf Schumacher
99.8%
Michael Schumacher
99.8%
Michael Schumacher
99.8%
Ralf Schumacher
99.8%
Michael Schumacher
99.8%
Michael Schumacher
99.8%
Michael Schumacher
99.8%
Ralf Schumacher
99.8%
Michael Schumacher
99.8%
Michael Schumacher
99.8%
Ralf Schumacher
99.8%
Michael Schumacher
99.8%
Ralf Schumacher
99.8%
Michael Schumacher
99.8%
Ralf Schumacher
99.8%
Michael Schumacher
99.8%
Michael Schumacher
99.8%
Ralf Schumacher
99.8%
Michael Schumacher
99.8%
Michael Schumacher
99.8%
Michael Schumacher
99.8%
Michael Schumacher
99.8%
Michael Schumacher
99.8%
Ralf Schumacher
99.8%
Michael Schumacher
99.8%
Ralf Schumacher
99.8%
Michael Schumacher
99.8%
Michael Schumacher
99.8%
Michael Schumacher
99.8%
Michael Schumacher
99.8%
Michael Schumacher
99.8%
Michael Schumacher
99.8%
Michael Schumacher
99.8%
Michael Schumacher
99.8%
Michael Schumacher
99.8%
Ralf Schumacher
99.8%
Ralf Schumacher
99.8%
Ralf Schumacher
99.8%
Michael Schumacher
99.8%
Michael Schumacher
99.8%
Michael Schumacher
99.8%
Michael Schumacher
99.8%
Michael Schumacher
99.8%
Michael Schumacher
99.8%
Michael Schumacher
99.8%
Michael Schumacher
99.8%
Michael Schumacher
99.8%
Michael Schumacher
99.8%
Michael Schumacher
99.8%
Michael Schumacher
99.8%
Michael Schumacher
99.8%
Michael Schumacher
99.8%
Michael Schumacher
99.8%
Michael Schumacher
99.8%
Michael Schumacher
99.8%
Michael Schumacher
99.8%
Ralf Schumacher
99.8%
Michael Schumacher
99.8%
Michael Schumacher
99.8%
Michael Schumacher
99.8%
Michael Schumacher
99.8%
Michael Schumacher
99.8%
Ralf Schumacher
99.8%
Ralf Schumacher
99.8%
Fernando Alonso
98%
Fernando Alonso
98%
Fernando Alonso
98%
Fernando Alonso
98%
Fernando Alonso
98%
Fernando Alonso
98%
Fernando Alonso
98%
Fernando Alonso
98%
Fernando Alonso
98%
Fernando Alonso
98%
% Correct
Fernando Alonso
98%
Fernando Alonso
98%
Fernando Alonso
98%
Fernando Alonso
98%
Fernando Alonso
98%
Fernando Alonso
98%
Fernando Alonso
98%
Fernando Alonso
98%
Fernando Alonso
98%
Fernando Alonso
98%
Fernando Alonso
98%
Fernando Alonso
98%
Fernando Alonso
98%
Rubens Barrichello
96.1%
Rubens Barrichello
96.1%
Rubens Barrichello
96.1%
Rubens Barrichello
96.1%
Rubens Barrichello
96.1%
Rubens Barrichello
96.1%
Rubens Barrichello
96.1%
Rubens Barrichello
96.1%
Rubens Barrichello
96.1%
Rubens Barrichello
96.1%
Rubens Barrichello
96.1%
Rubens Barrichello
96.1%
Rubens Barrichello
96.1%
Rubens Barrichello
96.1%
Rubens Barrichello
96.1%
Rubens Barrichello
96.1%
Rubens Barrichello
96.1%
Rubens Barrichello
96.1%
Rubens Barrichello
96.1%
Rubens Barrichello
96.1%
Rubens Barrichello
96.1%
Rubens Barrichello
96.1%
Rubens Barrichello
96.1%
Rubens Barrichello
96.1%
Rubens Barrichello
96.1%
Rubens Barrichello
96.1%
Rubens Barrichello
96.1%
Rubens Barrichello
96.1%
Rubens Barrichello
96.1%
Rubens Barrichello
96.1%
Rubens Barrichello
96.1%
Rubens Barrichello
96.1%
Rubens Barrichello
96.1%
Rubens Barrichello
96.1%
Rubens Barrichello
96.1%
Rubens Barrichello
96.1%
Rubens Barrichello
96.1%
Rubens Barrichello
96.1%
Rubens Barrichello
96.1%
Rubens Barrichello
96.1%
Rubens Barrichello
96.1%
Rubens Barrichello
96.1%
Rubens Barrichello
96.1%
Rubens Barrichello
96.1%
Rubens Barrichello
96.1%
Rubens Barrichello
96.1%
David Coulthard
95.5%
David Coulthard
95.5%
David Coulthard
95.5%
David Coulthard
95.5%
David Coulthard
95.5%
David Coulthard
95.5%
David Coulthard
95.5%
David Coulthard
95.5%
David Coulthard
95.5%
David Coulthard
95.5%
David Coulthard
95.5%
David Coulthard
95.5%
David Coulthard
95.5%
David Coulthard
95.5%
David Coulthard
95.5%
David Coulthard
95.5%
David Coulthard
95.5%
David Coulthard
95.5%
Kimi Raikkonen
94.8%
Kimi Raikkonen
94.8%
Kimi Raikkonen
94.8%
Kimi Raikkonen
94.8%
Kimi Raikkonen
94.8%
Kimi Raikkonen
94.8%
Kimi Raikkonen
94.8%
Kimi Raikkonen
94.8%
Kimi Raikkonen
94.8%
Kimi Raikkonen
94.8%
% Correct
Kimi Raikkonen
94.8%
Kimi Raikkonen
94.8%
Kimi Raikkonen
94.8%
Kimi Raikkonen
94.8%
Kimi Raikkonen
94.8%
Kimi Raikkonen
94.8%
Kimi Raikkonen
94.8%
Kimi Raikkonen
94.8%
Kimi Raikkonen
94.8%
Kimi Raikkonen
94.8%
Kimi Raikkonen
94.8%
Kimi Raikkonen
94.8%
Kimi Raikkonen
94.8%
Kimi Raikkonen
94.8%
Kimi Raikkonen
94.8%
Kimi Raikkonen
94.8%
Kimi Raikkonen
94.8%
Kimi Raikkonen
94.8%
Kimi Raikkonen
94.8%
Kimi Raikkonen
94.8%
Juan Pablo Montoya
94.4%
Juan Pablo Montoya
94.4%
Juan Pablo Montoya
94.4%
Juan Pablo Montoya
94.4%
Juan Pablo Montoya
94.4%
Juan Pablo Montoya
94.4%
Juan Pablo Montoya
94.4%
Juan Pablo Montoya
94.4%
Juan Pablo Montoya
94.4%
Juan Pablo Montoya
94.4%
Juan Pablo Montoya
94.4%
Juan Pablo Montoya
94.4%
Juan Pablo Montoya
94.4%
Juan Pablo Montoya
94.4%
Juan Pablo Montoya
94.4%
Juan Pablo Montoya
94.4%
Juan Pablo Montoya
94.4%
Juan Pablo Montoya
94.4%
Juan Pablo Montoya
94.4%
Juan Pablo Montoya
94.4%
Juan Pablo Montoya
94.4%
Juan Pablo Montoya
94.4%
Juan Pablo Montoya
94.4%
Juan Pablo Montoya
94.4%
Juan Pablo Montoya
94.4%
Juan Pablo Montoya
94.4%
Juan Pablo Montoya
94.4%
Juan Pablo Montoya
94.4%
Mika Hakkinen
94.1%
Mika Hakkinen
94.1%
Mika Hakkinen
94.1%
Jarno Trulli
91.4%
Jarno Trulli
91.4%
Jarno Trulli
91.4%
Jarno Trulli
91.4%
Jarno Trulli
91.4%
Jarno Trulli
91.4%
Giancarlo Fisichella
91.2%
Giancarlo Fisichella
91.2%
Giancarlo Fisichella
91.2%
Giancarlo Fisichella
91.2%
Giancarlo Fisichella
91.2%
Jenson Button
90.5%
Jenson Button
90.5%
Jenson Button
90.5%
Jenson Button
90.5%
Jenson Button
90.5%
Jenson Button
90.5%
Jenson Button
90.5%
Jenson Button
90.5%
Jenson Button
90.5%
Jenson Button
90.5%
Jenson Button
90.5%
Jenson Button
90.5%
Nick Heidfeld
80.8%
Nick Heidfeld
80.8%
Nick Heidfeld
80.8%
Nick Heidfeld
80.8%
Mark Webber
80.1%
Jacques Villeneuve
77.2%
Jacques Villeneuve
77.2%
Eddie Irvine
75.8%
Eddie Irvine
75.8%
Heinz-Harald Frentzen
73.4%
Takuma Sato
72.2%
Tiago Monteiro
65.2%
Alexander Wurz
62.1%
Quiz Playlist
Details
Report
Send in Message
Add To Playlist
Classic:
Type in answers that appear in a list
Last Updated: Feb 16, 2017
Quiz Scoreboard
CHALLENGE
Sign Up to Join the Scoreboard
Show All
Scores
Hide
Comments
May contain spoilers
Recently Published
Movies - When Are They Set?
by FPL_Elf
Movies
5m
Popular People in 1961
by mucciniale
History
6m
1-10 Letter E Words III
by El_Dandy
Language
2m
More to Explore
Quiz From the Vault
Featured Blog Post
Where Did the Easter Bunny Come From?
hide this ad
You Might Also Like...
Tags
Finisher
Top 3
Today's Top Quizzes in Sports
Browse Sports
hide this ad
Today's Top Quizzes in Finisher
Browse Finisher
Top Contributed Quizzes in Sports
1
Les meilleurs buteurs des matchs entre le PSG et l’OM
2
FIFA Club World Cup Champions
3
Les entraîneurs de l'OM et du PSG au 21e siècle
4
2022 World Cup Stars
5
Name the Premier League winners with different clubs
6
La finale Lions - Afrique du Sud 2021
7
Criteria MLB: Left Handed Sluggers
8
Les joueurs passés par le LOSC et le RC Lens
9
Players with Multiple 50 Home Run Seasons
10
MLB Players with Two .350 Batting Average Seasons
Explore More
Trending Topics
Kpop
Anime
Marvel
NBA
Crossword
Harry Potter
Disney
Country
Puzzle
WWE
The Office
Pokémon
NFL
Song
Soccer
hide this ad
More By:
shoeverine
Quiz
Plays
Rating
Category
Featured
Created
F1 Top 3 Finishers 2006-2010
624
5.00
Sports
Jul 29, 2011
F1 Top 3 Finishers 2001-2005
557
4.00
Sports
Jul 29, 2011
CART/Champ Car Race Winners (1996-2008)
405
4.00
Sports
Jul 25, 2011
2011 IndyCar Series Drivers
340
4.67
Sports
Jul 23, 2011
Current AHL Team/Franchise Timeline
67
Sports
Jul 23, 2011
Go to Creator's Profile
Score Distribution
Quiz Creator Spotlight
shoeverine
Follow
Send a Message
Quizzes Created
-
Created Quiz Play Count
-
More By This Creator
Popular Quizzes Today
1
Find the Countries of Europe - No Outlines Minefield
2
Find the US States - No Outlines Minefield
3
The Countries of the World
4
Popular People in 1961
5
1-10 Letter E Words III
6
US States
7
Find the US States
8
One Thing in Common: World Cities II
More Sports Quizzes
MLB Highest Paid Player by Year
Published
Trending Quizzes
Risky Map Clicking: Least Populous States A-Z
Humor Books: The Subtitles
1-10 Letter F Words
1-10 Letter G Words
One Thing in Common: United Kingdom
Recently Updated
Leaping Animals
pecheneg
Reality TV Shows (A-Z)
bhenderson79
Rickey Henderson's Hall of Fame Teammates
pecheneg
Champions League XIs: Arsenal
pecheneg
Quick Pick: Celebrities in WWE's Hall of Fame
aduchscher
A-Z Keypad Blitz II
pecheneg
Multiple Oscar Actors
pecheneg
Mystery Phrase Blitz: Oscar 'Best Actors'
pecheneg
F. Scott Fitzgerald Novels
LTH
Pick 3 Villains
ddd62291
Trending Topics
Anime
Disney
NBA
Marvel
Kpop
Crossword
Harry Potter
NFL
Pokémon
The Office
Song
Puzzle
Country
WWE
Soccer
Your Account Isn't Verified!
In order to create a playlist on Sporcle, you need to verify the email address you used during registration. Go to your
Sporcle Settings
to finish the process.
Report this User
Report this user for behavior that violates our
Community Guidelines
.
Details:
Send Report
Go to the Sporcle.com Mobile Site →
Comments